00797nam a2200229 a 450000100100000000500170001000800410002702000150006804000250008304100130010808200130012110000260013424000320016024500780019226000320027030000210030249000370032370000350036083000440039595201110043999900170055000004286320201002040444.0140211s1986 sp 000 0 spa d a8434582465 aDO-SdBNPbspacBNPHU17aspaheng axxxbxxx1 aKruif, Paul de97026310aMicrobe hunters.lEspañol10aCazadores de microbios /cPaul de Kruif ; traducción Federico Portillo. aBarcelona :bSalvat,c1986. a350 p. ;c19 cm.1 aBiblioteca cientifica salvatv3512aPortillo, Federicoetr.970264 0aBiblioteca cientifica salvatn35970265 001050718MOaGRbGRcCTd2014-02-11iLF1l0oxxx xxxp42863-10r2020-06-25w2020-06-25y1ZNo se presta c42352d42352